Estatísticas para Times campeões do mundial de clubes

Clique aqui para jogar o quiz

Estatísticas Gerais

  • Esse quiz foi jogado 1 586 vezes
  • A pontuação média é 23 de 29

Estatísticas das Respostas

TítulosPaísClube% Correto
7EspanhaReal Madrid
99%
3EspanhaBarcelona
98%
3BrasilSão Paulo
97%
3ArgentinaBoca Juniors
95%
4ItaliaMilan
95%
4AlemanhaBayern de Munique
94%
2BrasilCorinthians
94%
2BrasilSantos
93%
1BrasilFlamengo
91%
2ItaliaJuventus
90%
1ArgentinaRiver Plate
90%
1BrasilGrêmio
88%
1BrasilInternacional
88%
2PortugalPorto
88%
2Países BaixosAjax
87%
3ItaliaInternazionale
87%
2InglaterraManchester United
85%
1InglaterraLiverpool
79%
3UruguaiPeñarol
79%
3UruguaiNacional
74%
1EspanhaAtlético de Madrid
64%
1AlemanhaBorussia Dortmund
64%
2ArgentinaIndependiente
64%
1ParaguaiOlimpia
58%
1SérviaEstrela Vermelha
53%
1ArgentinaRacing
53%
1ArgentinaEstudiantes
49%
1Países BaixosFeyenoord
41%
1ArgentinaVélez Sársfield
37%

Distribuição das Pontuações

Percentil de Números Respondidos

Porcentagem de Pessoas com Cada Pontuação

Sua Pontuação Histórica

Você não jogou esse quiz